000 00982nam a22002057a 4500
999 _c7251
_d7251
003 AR-CdUCM
008 190320b ||||| |||| 00| 0 spa d
040 _aMUNICIPALIDAD PROVINCIAL DEL CUSCO
_cBIBLIOTECA MUNICIPAL DEL CUSCO
082 _a674 /
_bJ89
110 _aJunta acuerdo de Cartagena
_920436
245 _aManual del grupo andino para la preservación de maderas /
260 _aLima :
_bProyecto regional de Promoción Industrial de la Madera Para Construcción,
_c1988.
300 _a220 páginas ;
_bIlustraciones,
_c29 cm.
505 _aDesarrollo histórico de la preservación de la madera -- Agentes destructores de la madera -- Agentes destructores de origen animal -- Durabilidad natural de la madera -- Preservantes para la madera -- Acondicionamiento o preparación de la madera antes de su preservación ...
650 _aMadera
_91244
650 _aPreservación
_920437
650 _aAplicaciones industriales
_920438
942 _2ddc
_cLIBROS
945 _aacv